书目信息 |
| 题名: |
高性能混凝土技术
|
|
| 作者: | 冯乃谦 , 邢锋 编著 | |
| 分册: | ||
| 出版信息: | 北京 原子能出版社 2000.2 |
|
| 页数: | 355页 | |
| 开本: | 29cm | |
| 丛书名: | ||
| 单 册: | ||
| 中图分类: | TU528.06 | |
| 科图分类: | ||
| 主题词: | 建筑材料:非金属材料 | |
| 电子资源: | ||
| ISBN: | 7-5022-2086-0 | |
| 000 | 00620nam0 2200205 45 | |
| 001 | 0254712423 | |
| 005 | 2002101715115242 | |
| 010 | @a7-5022-2086-0@dRMB 63.00 | |
| 100 | @a20021017d2000 km y0chiy0120 ea | |
| 101 | 0 | @achi |
| 102 | @aCN@b110000 | |
| 200 | 1 | @a高性能混凝土技术@Agao xing neng hun ning tu ji shu@f冯乃谦,邢锋编著@FFeng Nai Qian,Xing Feng Bian Zhu |
| 210 | @a北京@c原子能出版社@d2000.2 | |
| 215 | @a355页@d29cm | |
| 606 | 0 | @a建筑材料:非金属材料 |
| 690 | @aTU528.06@v3 | |
| 701 | 0 | @a冯乃谦@AFeng Nai Qian@4编著 |
| 701 | 0 | @a邢锋@AXing Feng@4编著 |
| 801 | 0 | @aCN@bPFT@c20021017 |
| 905 | @dTU528.06@eF495 | |
| 高性能混凝土技术/冯乃谦,邢锋编著.-北京:原子能出版社,2000.2 |
| 355页;29cm |
| ISBN 7-5022-2086-0:RMB 63.00 |
| ● |
| 相关链接 |
|
|
|
正题名:高性能混凝土技术
索取号:TU528.06/F495
 
预约/预借
| 序号 | 登录号 | 条形码 | 馆藏地/架位号 | 状态 | 备注 |
| 1 | 357691 | 203576914 | 自科二线404/404自科库 1排1列4层/ [索取号:TU528.06/F495] | 在馆 | |
| 2 | 357692 | 203576923 | 建筑库201/201建筑库 8排1列5层/ [索取号:TU528.06/F495] | 在馆 |